000 02862nam0a2200457 4500
001 RU\NLR\BIBL_A\022728180
005 20260524043500.0
010 _a978-5-7807-1506-1
_9500
021 _aRU
_bКН-П-25-080748
_9КН-П-25-7821
035 _a(NLR Aleph) 022728180
090 _a13709071
_c13709071
100 _a20260216d2025 k y0rusy50 ca
101 0 _arus
102 _aRU
105 _aa z 000yy
181 0 _ai3
_baxxe
182 0 _an
200 1 _aОрганические и гибридные наноматериалы: получение, исследование, применение
_eколлективная монография
_f[О. В. Ярмоленко, А. А. Слесаренко, Г. З. Тулибаева и др.]
_gпод общей редакцией члена-корреспондента РАН В. Ф. Разумова и доктора химических наук, профессора М. В. Клюева
_gМинистерство науки и высшего образования Российской Федерации, Федеральное государственное бюджетное образовательное учреждение высшего образования "Ивановский государственный университет"
203 _aТекст
_bвизуальный
_cнепосредственный
210 _aИваново
_cИзд-во "Ивановский государственный университет"
_d2025
215 _a307 с.
_cил.
_d22
300 _aАвт. указаны в содерж.
320 _aБиблиогр. в конце гл.
606 1 _aНанокристаллические материалы органические
_92557957
_3RU\NLR\AUTH\661513282
606 1 _aНанокристаллические материалы гибридные
_92111841
_3RU\NLR\AUTH\661579688
606 1 _aНаноуглеродные материалы
_92141929
_3RU\NLR\AUTH\661595429
606 1 _aАккумуляторы (электр.) литий-ионные
_xНанокристаллические материалы
_92579896
_3RU\NLR\AUTH\6601735864
686 1 _aЛ61
686 1 _aЖ366
686 1 _aЛ252
686 1 _aЗ251.6-03
701 1 _aЯрмоленко
_bО. В.
_gОльга Викторовна
701 1 _aСлесаренко
_bА. А.
_gАнна Алексеевна
701 1 _aТулибаева
_bГ. З.
_gГалия Зайнетдиновна
702 1 _aРазумов
_bВ. Ф.
_gВладимир Федорович
_4340
712 0 2 _4475
_aИвановский государственный университет
_9283881
_3RU\NLR\AUTH\886063
942 _cBOOK
980 _aNB